Il libro di J /

Gespeichert in:
Bibliographische Detailangaben
Hauptverfasser: Bloom, Harold (Verfasst von), Rosenberg, David (Verfasst von)
Weitere Verfasser: Saba Sardi, Francesco
Format: Buch
Sprache:Italienisch
Veröffentlicht: Milano : Leonardo, 1992
Schlagworte:
Tags: Tag hinzufügen
Keine Tags, Fügen Sie das erste Tag hinzu!

MARC

LEADER 00000nam a2200000 i 4500
001 IT\ICCU\RAV\0179929
003 ItRI
005 20260115231906.0
008 920228s1992 it |||||| ||||| |||||c
015 |2 IT  |a 92-4588 
020 |a 8835501679 
040 |b ita  |c importazione bologna sebina 
041 7 |a ita  |2 ISO-639-2 
082 |a 296.1  |9 GIUDAISMO. FONTI  |2 11 
100 1 |a Bloom, Harold  |0 IT\ICCU\CFIV\006896  |4 aut 
240 1 4 |a The book of J. -  |3 IT\ICCU\RAV\0184604  |9 Bloom, Harold 
245 1 3 |a Il libro di J /  |c Harold Bloom, David Rosenberg ; traduzione di Francesco Saba Sardi. 
260 |a Milano :  |b Leonardo,  |c 1992 
300 |a 306 p. ;  |c 24 cm 
650 7 |a Bibbia ebraica  |2 scbi 
650 7 |a Bibbia. Vecchio Testamento. Pentateuco  |x Commenti  |2 scbi 
700 1 |a Rosenberg, David  |0 IT\ICCU\RAVV\072938  |4 aut 
700 1 |a Saba Sardi, Francesco  |0 IT\ICCU\CFIV\008075 
942 |2 ddc  |c BK  |n 0 
952 |0 0  |1 0  |4 0  |6 DOC_220_660000000000000_BLO  |7 0  |9 15600  |a BO  |b BO  |d 2026-01-15  |i 3489  |l 0  |o DOC 220.66 BLO  |p BO3489  |r 2026-01-15 23:19:06  |w 2026-01-15  |x [Sebina 5] [1 v.]  |y BK  |z 1 v. 
999 |c 13421  |d 13421